| 000 | 00539nam a22001817a 4500 | ||
|---|---|---|---|
| 999 |
_c524270 _d524270 |
||
| 003 | NUST | ||
| 038 | _aWaseem | ||
| 082 |
_a891.421 _bNAZ |
||
| 100 |
_aNazami, Abdul Hameed _915079 |
||
| 245 |
_aNoor dy Rang / _cAbdul Hameed Nazami |
||
| 260 |
_aLahore : _bAl Hamd Publications, _c2002. |
||
| 300 | _a128 p. ; | ||
| 500 | _aHard cover. | ||
| 880 |
_6100-01\r _aعبدالحمید نظامی |
||
| 880 |
_6245-02\r _aنور دے رنگ / |
||
| 880 |
_6260-03\r _aلاہور : _bالحمد پبلیکیشنز, _c۲۰۰۲. |
||
| 942 |
_2ddc _cBK |
||